| 000 | 00343nam a2200133Ia 4500 | ||
|---|---|---|---|
| 008 | 220216s9999 xx 000 0 und d | ||
| 100 | _aPatterson G D | ||
| 245 | 0 | _aLight scattering from gels (1989 reviews) | |
| 260 |
_bRubber Chemistry and Technology _c1989 |
||
| 300 | _a498-514 | ||
| 650 | _a1989 reviews | ||
| 650 | _aGels | ||
| 942 | _cJS | ||
| 999 |
_c62180 _d62180 |
||